000 00805nam a2200241 4500
001 27184
003 ES-MaACL
005 20250804062556.0
007 t|
008 030113s1971 sp ||||1|bspa d
080 _a821.134.2 Valera, Juan 1.07
080 _a929 Valera, Juan
100 1 _aAzaña, Manuel,
_d1880-1940
_924223
245 1 0 _aEnsayos sobre Valera /
_cManuel Azaña ; prólogo de Juan Marichal.
260 _aMadrid :
_bAlianza Editorial,
_c1971.
300 _a283 p. ;
_c18 cm.
490 1 _aEl Libro de bolsillo. Humanidades ;
_v300
600 1 4 _aValera, Juan,
_d1824-1905-
_xCrítica e interpretación
_9112641
700 1 _aMarichal, Juan.
_976700
830 1 3 _aEl libro de bolsillo.
_pHumanidades
_v300
_9178672
852 4 _aES-MaACL
_jC-40333
999 _c27184
_d27184